<?xml version="1.0" encoding="UTF-8"?>
<record
    xmlns:xsi="http://www.w3.org/2001/XMLSchema-instance"
    xsi:schemaLocation="http://www.loc.gov/MARC21/slim http://www.loc.gov/standards/marcxml/schema/MARC21slim.xsd"
    xmlns="http://www.loc.gov/MARC21/slim">

  <leader>01252nam a2200253 a 4500</leader>
  <controlfield tag="001">BRCA_99</controlfield>
  <controlfield tag="005">20190320202859.0</controlfield>
  <controlfield tag="008">900531s1988    mx-a---##b---s000-0#spa-#</controlfield>
  <datafield tag="040" ind1=" " ind2=" ">
    <subfield code="a">DLC</subfield>
    <subfield code="c">DLC</subfield>
  </datafield>
  <datafield tag="050" ind1=" " ind2="4">
    <subfield code="a">NA5257.P8</subfield>
    <subfield code="b">.A46 1988</subfield>
  </datafield>
  <datafield tag="100" ind1="1" ind2=" ">
    <subfield code="a">Calder&#xF3;n, Juan Alonso</subfield>
    <subfield code="9">386</subfield>
  </datafield>
  <datafield tag="245" ind1="1" ind2="0">
    <subfield code="a">Memorial hist&#xF3;rico jur&#xED;dico pol&#xED;tico de la Santa Iglesia Catedral de la Puebla de los Angeles, en la Nueva Espa&#xF1;a</subfield>
    <subfield code="b">sobre restituirla las armas reales de Castilla, Le&#xF3;n, Arag&#xF3;n y Navarra, que puso en la capilla mayor de su iglesia, de que ha sido despojada injustamente</subfield>
    <subfield code="c">Juan Alonso Calder&#xF3;n ; edici&#xF3;n y estudio preliminar de Efra&#xED;n Castro Morales.</subfield>
  </datafield>
  <datafield tag="260" ind1=" " ind2=" ">
    <subfield code="a">Puebla</subfield>
    <subfield code="b">Gobierno del Estado de Puebla, Secretar&#xED;a de Cultura</subfield>
    <subfield code="c">1988</subfield>
  </datafield>
  <datafield tag="300" ind1=" " ind2=" ">
    <subfield code="a">lxi, 89 p.</subfield>
    <subfield code="b">il.</subfield>
    <subfield code="c">32 cm.</subfield>
  </datafield>
  <datafield tag="500" ind1=" " ind2=" ">
    <subfield code="a">T&#xED;tulo del lomo: Memorial hist&#xF3;rico jur&#xED;dico pol&#xED;tico</subfield>
  </datafield>
  <datafield tag="500" ind1=" " ind2=" ">
    <subfield code="a">Las p&#xE1;ginas alternas se enumeraron en el segundo grupo.</subfield>
  </datafield>
  <datafield tag="500" ind1=" " ind2=" ">
    <subfield code="a">Facs&#xED;mil de: 1651</subfield>
  </datafield>
  <datafield tag="504" ind1=" " ind2=" ">
    <subfield code="a">Incluye referencias bibliogr&#xE1;ficas</subfield>
  </datafield>
  <datafield tag="610" ind1="2" ind2="4">
    <subfield code="a">Catedral de Puebla</subfield>
    <subfield code="x">Retablo de los Reyes - Expropiaci&#xF3;n</subfield>
    <subfield code="9">387</subfield>
  </datafield>
  <datafield tag="651" ind1=" " ind2="4">
    <subfield code="a">Puebla (M&#xE9;xico)</subfield>
    <subfield code="x">Historia de la Iglesia</subfield>
    <subfield code="9">388</subfield>
  </datafield>
  <datafield tag="700" ind1="1" ind2=" ">
    <subfield code="a">Castro Morales, Efra&#xED;n</subfield>
    <subfield code="9">389</subfield>
  </datafield>
  <datafield tag="740" ind1="0" ind2=" ">
    <subfield code="a">Memorial hist&#xF3;rico jur&#xED;dico pol&#xED;tico</subfield>
  </datafield>
  <datafield tag="942" ind1=" " ind2=" ">
    <subfield code="2">lcc</subfield>
    <subfield code="c">B</subfield>
  </datafield>
  <datafield tag="999" ind1=" " ind2=" ">
    <subfield code="c">85</subfield>
    <subfield code="d">85</subfield>
  </datafield>
  <datafield tag="952" ind1=" " ind2=" ">
    <subfield code="0">0</subfield>
    <subfield code="1">0</subfield>
    <subfield code="4">0</subfield>
    <subfield code="7">0</subfield>
    <subfield code="a">BRCA</subfield>
    <subfield code="b">BRCA</subfield>
    <subfield code="d">2008-06-25</subfield>
    <subfield code="l">0</subfield>
    <subfield code="o">NA5257.P8 .A46 1988</subfield>
    <subfield code="p">00094</subfield>
    <subfield code="r">2019-03-22 00:00:00</subfield>
    <subfield code="w">2019-03-22</subfield>
    <subfield code="y">B</subfield>
  </datafield>
</record>
